04317namaa22003131i 4500003000400000005001700004008004300021040004300064041001800107082001000125100005200135245025100187246009600438264001000534300003600544336002200580337002500602338002300627502007000650504004400720520159300764520133002357530004303687546007103730650002603801653006703827700005803894700005103952OSt20250223033042.0230416s2022 ua a frm 000 arand d aEG-GICUCbaracEG-GICUCdEG-GICUCerda0 aarabarabeng04a214.90 aشروق محمود أنور،eإعداد.10aدراسة نقدية لثقافة ”هوي” في رواية )جنازة المسلمين(للكاتبة ”خو دا” /cاعداد شروق محمود أنور ؛ اشراف ا.د. رحاب محمود، ا.د. يسرا كامل كامل.15aA critical study for ”Hui” nation’s culture in (Muslim Funeral )novel By “Huo Da” 0c2022. a89 صفحة. ؛c30 cm. + eCD. 2rda contentatext 2rdamediaaUnmediated 2rdacarrieravolume aأطروحة (دكتواره)-جامعة القاهرة، 2022. aببليوجرافيا: صفحات. 82. aلطالما كان للإسلام تأثير كبير على التاريخ والثقافة. لكن المسلمين واجهوا نفس المشاكل الاجتماعية في أوقات مختلفة وبلدان مختلفة ، ولديهم أيضًا نفس العادات والتقاليد ؛ أي لا يمكنهم أكل لحم الخنزير أو شرب الكحول. على الرغم من أن الإسلام دخل في بلدان مختلفة ، إلا أن الأشخاص الذين يؤمنون بهذا الدين يتمتعون جميعًا بنفس العادات والتقاليد لأن ثقافتهم تشمل تعاليم الإسلام.كما تعكس ”جنازة المسلم” لهدى ثقافة الإسلام في ثلاثة عصور مختلفة.من خلال قرأت الكثير من الأدبيات عن ثقافة الأسلام في مصر و الصين و أيضا بعد تحليل رواية 》 جنازة المسلمين 《: خو دا تعرفتُ علي الأتي 89 1.علي الرغم من أن الإسلام دخل في بلدان مختلفة و ثقافات مختلفة الأ أن له نفس التعاليم الدينة 2.هناك بعض الأختلافات في الثقافة الإسلامية بين مصر و الصين 3.الأسرة و المجتمع كان لهم تأثير اً كبيراُ علي فكر الكاتبة خو دا 4.قومية هوي من أكبر الأقليات المسلمة في الصين و أقدمها علي الأطلاق aThrough this thesis, we shed light on the literature of Chinese minorities, as well as the different cultures between Muslims in Egypt and Muslims in China ‘Customs and traditions can be arisen by the different cultures of people, and through customs and traditions we can learn about different cultures . Different cultures have different characteristics, and literature is a reflection of different national cultures. This study is a comparison between Islamic cultures in China and Egypt which is one of the central issues in modern and contemporary literary circles. This article analyzes the similarities and differences between the customs and traditions of the two countries, through the ”Muslim funeral”. Researching in the customs and traditions of peoples is one of the most important literary aspects at all, although there are many and many graduated students who tend to present many theses that discuss customs and traditions from different angles. However, there are not many who research the customs and traditions of Muslims in Egypt and China. And because I am one of those who are interested in knowing the different cultures of peoples, this topic aroused my interest, and that is why I decided to write this thesis. Through this article, I discuss Islamic customs and traditions in Egypt and China, aصدر أيضًا كقرص مدمج. aالنص بالعربية والملخص بالإنجليزية. aالاسلام2qrmak aقومية هوي.aالإسلامaالكاتبة خودا.0 aيسرا كامل كامل.eمشرف أطروحة.0 aرحاب محمود.eمشرف أطروحة.